Tramwajowe plany Miasta Poznania - Statystyki

Ogólne statystyki
  • Ten quiz został rozwiązany 26 razy
  • Średni wynik to 3 z 11
Statystyki odpowiedzi
Podpowiedź/Kierunek Odpowiedź % Poprawnych
4 etapy Naramowice
90%
Ulica Ratajczaka
80%
Dzielnica Podolany
35%
Dzielnica Główna
25%
Osiedle Os.Kopernika
25%
Rejon ( część Grunwaldu ) Marcelin
20%
Stacja kolejowa Poznań Junikowo
20%
Rejon (bliżej Lubonia) Klin Dębiecki
15%
W analizach, Osiedle Os.Chrobrego
10%
W analizach, ulica Połabska
10%
Dzielnica Wola
10%
Nie znaleziono quizów pasujących do podanych kryteriów
Rozkład punktacji
Procent ludzi z każdym wynikiem
Percentyl według liczby udzielonych odpowiedzi
Twoja historia wyników
Nie rozwiązałeś tego quizu